书目信息 |
| 题名: |
行星物理
|
|
| 作者: | 沙罗诺夫 著 | |
| 分册: | ||
| 出版信息: | 北京 科学出版社 1974 |
|
| 页数: | 507页 | |
| 开本: | 20cm | |
| 丛书名: | ||
| 单 册: | ||
| 中图分类: | P18 | |
| 科图分类: | ||
| 主题词: | 太阳系 | |
| 电子资源: | ||
| ISBN: | ||
| 000 | 00524nam0 2200193 450 | |
| 001 | 0633637764 | |
| 005 | 20060706151136.01 | |
| 010 | @dCNY2.00 | |
| 100 | @a20060324d1974 km y0chiy0120 ea | |
| 101 | 0 | @achi |
| 102 | @aCN@b110000 | |
| 200 | 1 | @a行星物理@Axing xing wu li@f(苏)В·В·沙罗诺夫著@F(su)В·В·sha luo nuo fu zhu |
| 210 | @a北京@c科学出版社@d1974 | |
| 215 | 1 | @a507页@d20cm |
| 606 | 0 | @a太阳系 |
| 690 | @aP18@v4 | |
| 701 | 0 | @a沙罗诺夫@Asha luo nuo fu@4著 |
| 801 | 0 | @aCN@bPFT@c20060706 |
| 905 | @a10447@dP18@e94 | |
| 行星物理/(苏)В·В·沙罗诺夫著.-北京:科学出版社,1974 |
| 507页;20cm |
| ISBN :CNY2.00 |
| ● |
| 相关链接 |
|
|
|
|
正题名:行星物理
索取号:P18/94
 
预约/预借
| 序号 | 登录号 | 条形码 | 馆藏地/架位号 | 状态 | 备注 |
| 1 | 0011352 | 000627879 | 密集书库/ [索取号:P18/94] | 在馆 | |
| 2 | 0011353 | 000627860 | 密集书库/ [索取号:P18/94] | 在馆 |